100 Movies… 100 Quizzes - It's a Wonderful Life - Statistics

General Stats
  • This quiz has been taken 36 times
  • The average score is 10 of 12
Answer Stats
Question Answer % Correct
What holiday does the movie take place around? Christmas
100%
Finish the line: "Every time a bell rings..." An angel gets its wings
97%
What is odd about Clarence Odbody? He's an angel
97%
Who played George Bailey?
Jimmy Stewart
91%
Where is George Bailey from? Bedford Falls, New York
85%
What keeps George and Mary from going on their honeymoon? George has to deal with a run on the bank
85%
In this scene, what does George offer to do for Mary?
Pull the moon out of the sky for her
85%
What antagonistic, profit-hungry banker is played by Lionel Barrymore? Mr. Potter
79%
Where was the money that Uncle Billy lost? In a newspaper
68%
Did It's a Wonderful Life win Best Picture? No
65%
Which of these events were NOT prevented by George Bailey? 4th Street Bridge accident
62%
What is George Bailey's family business? Bailey Brothers Building and Loan
62%
No matching quizzes found
Score Distribution
Percent of People with Each Score
Percentile by Number Answered
Your Score History
You have not taken this quiz